Fables of Fractures Times/ (Record no. 173625)

MARC details
000 -LEADER
fixed length control field 00555nam a22001817a 4500
005 - DATE AND TIME OF LATEST TRANSACTION
control field 20200304101247.0
010 ## - LCCN (DPL NO)
LC control number ENG-127962
020 ## - INTERNATIONAL STANDARD BOOK NUMBER
International Standard Book Number 9789322008925
Terms of availability 395.00
035 ## - SYSTEM CONTROL NUMBER
System control number EN-111494
037 ## - SOURCE OF ACQUISITION
Source of stock number/acquisition DBAD/PUB
082 ## - DEWEY DECIMAL CLASSIFICATION NUMBER
Classification number 954
100 ## - MAIN ENTRY--PERSONAL NAME
Personal name Tewari,Manish
245 ## - TITLE STATEMENT
Title Fables of Fractures Times/
Statement of responsibility, etc by Manish Tewari
260 ## - PUBLICATION, DISTRIBUTION, ETC. (IMPRINT)
Place of publication, distribution, etc New Delhi
Name of publisher, distributor, etc konark Publishers
Date of publication, distribution, etc 2019
270 ## - ADDRESS
Address 206,first floor,Peacock Lane,Shahpur jat
City New Delhi
Postal code 110049
Electronic mail address us@konarkpublishers.com
300 ## - PHYSICAL DESCRIPTION
Extent x;186p.
Dimensions 24cm(pbk)
942 ## - ADDED ENTRY ELEMENTS (KOHA)
Source of classification or shelving scheme Dewey Decimal Classification
Item type English Books
Classification part 954
Call number suffix TEW
Holdings
Withdrawn status Lost status Not for loan Collection code Home library Current library Date acquired Source of acquisition Cost, normal purchase price Full call number Barcode Copy number Cost, replacement price Koha item type
      Non-fiction Bawana Bawana 04/03/2020 DBAD/PUB 395.00 954 TEW EN-111494 1 395.00 English Books

© Delhi Public Library
Hit Counter
free hit counter